| 000 | 00560nam a2200181Ia 4500 | ||
|---|---|---|---|
| 999 |
_c35137 _d35137 |
||
| 003 | OSt | ||
| 005 | 20201218123806.0 | ||
| 008 | 190216s9999||||xx |||||||||||||| ||und|| | ||
| 040 | _coclc | ||
| 082 |
_a330.03 _bHAN/D |
||
| 100 | 1 |
_aHanson, John Lloyd _9690 |
|
| 245 | 0 |
_aA Dictionary Of Economics And Commerce / _cJohn Lloyd Hanson |
|
| 250 | _a1st Ed. | ||
| 260 |
_bMacdonald And Evans, _c1965. _aLondon: |
||
| 300 | _a401p | ||
| 650 | _aSahithyam-Dictionary Of Commerc & Economics | ||
| 942 |
_cREF _2ddc _h330.03 _iHAN/D _k330.03 _mHAN/D |
||